| 000 | 00594cam a22001931 4500 | ||
|---|---|---|---|
| 005 | 20131114102156.0 | ||
| 008 | 740801s1966 nyu b 000 0 eng | ||
| 041 | 0 | _aeng | |
| 080 | _a340.1:32 | ||
| 100 | 1 | _aSmith, William Raymond. | |
| 245 | 0 | 0 |
_aThomas Hobbes' Leviathan; _cText by W. R. Smith. |
| 260 |
_aNew York, _bAmerican R.D.M. Corp. _c[c1966] |
||
| 300 |
_a70 p. _c21 cm. |
||
| 490 | 0 |
_aA Study master publication, _v364 |
|
| 504 | _aBibliography: p. 69-70. | ||
| 600 | 1 | 0 |
_aHobbes, Thomas, _d1588-1679. _tLeviathan. |
| 650 | 0 | _aE drejta | |
| 942 |
_2udc _cBK |
||
| 999 |
_c318 _d318 |
||